Chuyện quanh ta

שמור ב:
מידע ביבליוגרפי
מחבר ראשי: Phạm Quang Long
פורמט: ספר
שפה:Vietnamese
יצא לאור: Hà Nội Hà Nội 2019
סדרה:Tủ sách Thăng Long 1000 năm
נושאים:
תגים: הוספת תג
אין תגיות, היה/י הראשונ/ה לתייג את הרשומה!
Thư viện lưu trữ: Trung tâm Học liệu Lê Vũ Hùng, Trường Đại học Đồng Tháp
LEADER 00793pam a22002658a 4500
001 00046129
005 20201215151239.0
008 201215s2019####-vm#################vie|d
020 # # |c 0  |a 9786045545430 
041 0 # |a vie 
082 0 4 |a 306.095 97  |b CH527QU 
100 1 # |a Phạm Quang Long 
245 1 0 |a Chuyện quanh ta  |c Phạm Quang Long 
260 # # |a Hà Nội  |b Hà Nội  |c 2019 
300 # # |a 378tr.  |c 21cm 
490 0 # |a Tủ sách Thăng Long 1000 năm 
653 # # |a Hà Nội 
653 # # |a Việt Nam 
653 # # |a Văn hóa 
655 # 7 |2 Bộ TK TVQG  |a Bài viết 
852 # # |j KD.0027668 
920 |a Phạm Quang Long 
930 |a 445753  |b 04/11/2019 
941 |a DP  |b XH 
980 # # |a Trung tâm Học liệu Lê Vũ Hùng, Trường Đại học Đồng Tháp